000 02672cam a2200337 i 4500
001 20360732
003 ARRUPE
005 20221129094751.0
008 171126t20182017nyua b 001 0 eng c
010 _a 2017032052
020 _a9781627794633 (hardcover)
028 _barrupe
040 _aLBSOR/DLC
_beng
_cLBSOR
_erda
_dDLC
042 _apcc
043 _an-us---
050 0 0 _aJK468.I6
_bS983 2018
082 0 0 _a327.1209/045
_223
100 1 _aSweet, Matthew,
_eauthor.
_952066
245 1 0 _aOperation Chaos :
_bthe Vietnam deserters who fought the CIA, the brainwashers, and themselves /
_cMatthew Sweet.
250 _aFirst Edition.
300 _axiv, 351 pages :
_billustrations ;
_c25 cm
504 _aIncludes bibliographical references and index.
520 _a"An untold Cold War story: how the CIA tried to infiltrate a radical group of U.S. military deserters, a tale that leads from a bizarre political cult to the heart of the Washington establishment Stockholm, 1968. A thousand American deserters and draft-resisters are arriving to escape the war in Vietnam. They're young, they're radical, and they want to start a revolution. Some of them even want to take the fight to America. The Swedes treat them like pop stars--but the CIA is determined to stop all that. It's a job for the deep-cover men of Operation Chaos and their allies--agents who know how to infiltrate organizations and destroy them from inside. Within months, the GIs have turned their fire on one another. Then the interrogations begin--to discover who among them has been brainwashed, Manchurian Candidate-style, to assassinate their leaders. When Matthew Sweet began investigating this story, he thought the madness was over. He was wrong. Instead, he became the confidant of an eccentric and traumatized group of survivors--each with his own theory about the traitors in their midst. All Sweet has to do is find out the truth. And stay sane. Which may be difficult when one of his interviewees accuses him of being a CIA agent and another suspects that he's part of a secret plot by the British royal family to start World War III. By that time, he's deep in the labyrinth of truths and half-truths, wondering where reality ends and delusion begins"--
610 1 0 _aUnited States.
_bCentral Intelligence Agency
_xHistory.
_950865
650 0 _aIntelligence service
_zUnited States
_xHistory.
_952067
650 0 _aVietnam War, 1961-1975
_xDesertions
_zUnited States.
_952068
653 _aOperation CHAOS
_aOperation MHCHAOS
906 _a7
_bcbc
_corignew
_d1
_eecip
_f20
_gy-gencatlg
942 _2lcc
_cMONOGRAPH
999 _c131594
_d131594